000 02286nam a2200409 c 4500
003 BLK
005 20220509134604.0
008 180409b bul|||||r ||||||| ||bul||
010 _aKNG00138890000
020 _a978-954-8594-25-7
_bиздат.: Инст. за изследване на изкуствата - на том(т. 4)
040 _aBLK
041 _aBUL
_cBUL
_hENG
072 7 _2bullib
_aН70
_xИзкуства Н
080 _aИстория на театъра. Периоди и стилове
_b792.03
_x(497.2)
_z792.03(497.2)
080 _aДраматични театри. Театри за драма и комедия. Вж и 82-2
_b792.2
_x(497.2)
_z792.2(497.2)
700 1 _aЙорданов, Николай Горанов
_eавт. на том
_9374684
139 _aИстория на българския театър
_bИ 95
245 1 0 _aИстория на българския театър
_bТ. 1 -
_cавт. на том Николай Горанов Йорданов.
_nТ. 4
_pБългарският театър между двете световни войни на XX век
257 _aBGR
260 София
_c1997 -
_fЗа том: София : Симолини
300 _c25 см
380 _a7
650 4 _aТеатър - България - история
_9260534
650 4 _aТеатрални постановки, български - история
_9271847
651 4 _aБългария
_9241624
653 _aбългарски театър
653 _aпостановки
653 _aактьори
653 _aрежисьори
659 _aН
760 1 _3- на том(т. 4)
_dИнст. за изследване на изкуствата, 2011
_h527 с. : с ил.
_nДруги авт. : Ромео Попилиев, Камелия Николова, Виолета Дечева, Йоана Спасова. - Съдържа Азб. показалец ; Библиогр. с. 519-522. - Рез. на англ. ез.
_tТ. 4 Българският театър между двете световни войни на XX век
852 _aЦб 192326
856 4 _qpdf
_u
856 4 _qpdf
_u
942 _cKNG
_n0
_01
944 _aCR
_c04.02.2013
_lф /
_kМилена_Ачева
944 _aED
_c05.04.2016
_lф /
_kЛюдмила_Стоянова
999 _c133003
_d133003